The crisis in African agriculture /

Bibliographic Details
Main Author: Gakou, Mohamed Lamine
Format: Book
Language:English
Published: London ; Atlantic Highlands, N.J., USA : Tokyo,Japan : Zed Books ; United Nations University, [1987]
Series:Studies in African political economy.
Subjects:

MARC

Tag First Indicator Second Indicator Subfields
LEADER 00000cam a2200000 a 4500
001 in00000012938
005 20151007052305.0
008 870505s1987 enk b 00110 eng
010 |a  87013355  
020 |a 0862327326 :  |c $35.00 
020 |a 0862327334 (pbk.) :  |c $9.95 
035 |a (OCoLC)15789637 
035 |9 AAA7136AM 
040 |a DLC  |c DLC  |d UtOrBLW 
041 1 |a eng  |h fre 
043 |a f------ 
049 |a TXAM  |c [A11484468] 
050 0 0 |a HD2117  |b .G3513 1987 
082 0 |a 338.1/096  |2 19 
100 1 |a Gakou, Mohamed Lamine. 
240 1 0 |a Crise de l'agriculture africaine.  |l English 
245 1 4 |a The crisis in African agriculture /  |c Mohamed Lamine Gakou ; [translated by A.M. Berrett]. 
264 1 |a London ;  |a Atlantic Highlands, N.J., USA :  |b Zed Books ;  |a Tokyo,Japan :  |b United Nations University,  |c [1987] 
264 4 |c ©1987 
300 |a xii, 100 pages ;  |c 23 cm. 
336 |a text  |b txt  |2 rdacontent 
337 |a unmediated  |b n  |2 rdamedia 
338 |a volume  |b nc  |2 rdacarrier 
490 1 |a Studies in African political economy 
500 |a Translation of: La crise de l'agriculture africaine. 
504 |a Bibliography: pages 96-98. 
500 |a Includes index. 
650 0 |a Agriculture  |x Economic aspects  |z Africa. 
830 0 |a Studies in African political economy. 
999 |a MARS 
999 f f |s 56ce719a-3211-33db-a8d1-dc22ed27b67f  |i 7138a728-13b0-352a-9d9b-3ee2610651c0  |t 0 
952 f f |p ric  |a Texas A&M University  |b Rellis Campus  |c Joint Library Facility  |d Remote Storage  |t 0  |e HD2117 .G3513 1987  |h Library of Congress classification  |i unmediated -- volume  |m A14811484468 
998 f f |a HD2117 .G3513 1987  |t 0  |l Remote Storage